|
|
|
|
| LEADER |
00000ny a22000003n 4500 |
| 005 |
20110621125055.0 |
| 008 |
000710s2006 po 000 por |
| 020 |
|
|
|a 9789729427916
|
| 035 |
|
|
|a 1823
|
| 040 |
|
|
|a USA.SA
|d vLex
|
| 090 |
|
|
|c 942
|d 942
|
| 100 |
1 |
|
|a Leitó, Helder Martins
|
| 245 |
1 |
0 |
|a Dos princp̕ios bs̀icos em processo civil
|h [Recurso electrn̤ico]
|c Helder Martins Leitó
|
| 250 |
|
|
|a 2a ed.
|
| 256 |
|
|
|a Servicio en ln̕ea
|
| 260 |
|
|
|a Porto :
|b Almeida & Leitó,
|c 2006
|
| 300 |
|
|
|a 207 p.
|
| 506 |
1 |
|
|a Contenido solo disponible en los productos indicados
|d vLex Global
|d vLex Global (Academic Edition, excluding Law Schools)
|d vLex Global (U.S. Academic Edition, Law Schools)
|d vLex Global (U.S. Academic Edition, excluding Law Schools)
|d vLex Global (Academic Edition, Law Schools)
|
| 650 |
0 |
4 |
|a Procedimiento civil
|z Portugal
|
| 740 |
0 |
|
|a vLex Libros (Servicios en ln̕ea)
|
| 856 |
4 |
0 |
|u http://vlex.com/source/1823
|z Acceso restringido
|
| 942 |
|
|
|c BOOK
|
| 999 |
0 |
4 |
|a Procedimiento civil-
|z Portugal
|